Efektívnosť vonkajších ekonomických vťahov

Gespeichert in:
Bibliographische Detailangaben
1. Verfasser: Hlavatý, Egon
Weitere Verfasser: Zámečník, Anton
Format: Buch
Sprache:Slowakisch
Veröffentlicht: Bratislava Čs. obchodná a priemyselná komora 1983
Schriftenreihe:Otázky obchodnej techniky
Tags: Tag hinzufügen
Keine Tags, Fügen Sie das erste Tag hinzu!

MARC

LEADER 00000nam a2200000 4500
001 c111067
005 20041019155148.7
041 0 |a slo 
044 |a SK 
245 1 0 |a Efektívnosť vonkajších ekonomických vťahov  |c Egon Hlavatý, Anton Zámečník 
264 1 |a Bratislava  |b Čs. obchodná a priemyselná komora  |c 1983 
300 |a 162 s. 
490 1 |a Otázky obchodnej techniky 
830 0 |a Otázky obchodnej techniky 
100 1 |a Hlavatý, Egon 
700 1 |a Zámečník, Anton